| 000 | 00913nam a2200289 i 4500 | ||
|---|---|---|---|
| 003 | DO-SdBNP | ||
| 005 | 20250610114331.0 | ||
| 007 | ta | ||
| 008 | 250610b2000 dr ac||| |||| 00| 0 spa d | ||
| 020 | _a8482612190 | ||
| 040 |
_aDO-SdBNP _bspa _cBNPHU _erda |
||
| 041 | _aspa | ||
| 082 | 4 |
_axxx _bG216L _222 |
|
| 100 |
_aGarcía Escobar, Obdulia de, _eautor _4aut. _984681 |
||
| 245 | 1 | 0 |
_aLectura 8 : _beducación básica / _cObdulia García de Escobar ; texto, Manuel García Cartagena |
| 264 | 4 |
_aSanto Domingo : _bEditorial Santillana, _c©2000. |
|
| 300 |
_a96 páginas : _bIlustraciones ; _c29 cm. |
||
| 336 |
_atexto _btxt _2rdacontent |
||
| 337 |
_asin mediación _bn _2rdamedia |
||
| 338 |
_avolumen _bnc _2rdacarrier |
||
| 490 | _aSerie Umbral | ||
| 590 | _aInventariado 2025/BT | ||
| 700 |
_aGarcía Cartagen, Manuel, _etexto _4txt _988033 |
||
| 710 | _923965 | ||
| 910 | _aBtavárez | ||
| 942 |
_2ddc _cLBS1 |
||
| 999 |
_c59200 _d59200 |
||